Los animales salvajes / (Registro nro. 3995)
[ vista simple ]
| 000 -LEADER | |
|---|---|
| fixed length control field | 00900nam a2200253Ia 4500 |
| 003 - CONTROL NUMBER IDENTIFIER | |
| control field | OSt |
| 005 - DATE AND TIME OF LATEST TRANSACTION | |
| control field | 20200320160930.0 |
| 008 - FIXED-LENGTH DATA ELEMENTS--GENERAL INFORMATION | |
| fixed length control field | 191128s2012 ck a ar 000 0 spa d |
| 020 ## - INTERNATIONAL STANDARD BOOK NUMBER | |
| International Standard Book Number | 9789588678115 |
| 040 ## - CATALOGING SOURCE | |
| Original cataloging agency | CO-JMCR |
| Transcribing agency | CO-JMCR |
| 041 0# - LANGUAGE CODE | |
| Language code of text/sound track or separate title | spa |
| 082 ## - DEWEY DECIMAL CLASSIFICATION NUMBER | |
| Classification number | A / |
| Item number | BONa |
| 100 ## - MAIN ENTRY--PERSONAL NAME | |
| Personal name | Boncens, Christphe, ilustrador |
| 9 (RLIN) | 1777 |
| 245 #0 - TITLE STATEMENT | |
| Title | Los animales salvajes / |
| Statement of responsibility, etc. | ilustrador Christopher Boncens |
| 260 ## - PUBLICATION, DISTRIBUTION, ETC. | |
| Name of publisher, distributor, etc. | Instituto Colombiano de Bienestar Familiar : |
| Place of publication, distribution, etc. | Bogotá, |
| Date of publication, distribution, etc. | 2012 |
| 300 ## - PHYSICAL DESCRIPTION | |
| Extent | [10] páginas sin numerar : |
| Other physical details | ilustraciones a color ; |
| Dimensions | 16 cm |
| 500 ## - GENERAL NOTE | |
| General note | Recomendado de 0 a 2 años. |
| 520 0# - SUMMARY, ETC. | |
| Summary, etc. | Un libro de cartón para leer y tocar y para que los más pequeños descubran los animales salvajes. |
| 546 ## - LANGUAGE NOTE | |
| Language note | spa |
| 650 ## - SUBJECT ADDED ENTRY--TOPICAL TERM | |
| Topical term or geographic name entry element | Álbumes infantiles |
| Chronological subdivision | siglo xx |
| 9 (RLIN) | 1778 |
| 650 ## - SUBJECT ADDED ENTRY--TOPICAL TERM | |
| Topical term or geographic name entry element | Animales en la literatura |
| 9 (RLIN) | 633 |
| 650 ## - SUBJECT ADDED ENTRY--TOPICAL TERM | |
| Topical term or geographic name entry element | Libros ilustrados para niños |
| 9 (RLIN) | 180 |
| 942 ## - ADDED ENTRY ELEMENTS (KOHA) | |
| Source of classification or shelving scheme | Dewey Decimal Classification |
| Koha item type | Books |
| Withdrawn status | Lost status | Source of classification or shelving scheme | Materials specified (bound volume or other part) | Damaged status | Not for loan | Collection code | Home library | Current library | Date acquired | Source of acquisition | Cost, normal purchase price | Total Checkouts | Total Renewals | Full call number | Barcode | Date last seen | Date last checked out | Copy number | Price effective from | Koha item type |
|---|---|---|---|---|---|---|---|---|---|---|---|---|---|---|---|---|---|---|---|---|
| Dewey Decimal Classification | Donación--06/08/2018-- | Fiction | Biblioteca Pública José María del Castillo y Rada | Biblioteca Pública José María del Castillo y Rada | 11/28/2019 | Donación | 0.00 | 24 | 1 | A / BONa | 201808787 | 01/20/2026 | 12/03/2025 | Ej.1 | 11/28/2019 | Books |